[Event "Skara Vastgota op"]
[Site "Skara"]
[Date "2022.10.30"]
[Round "8"]
[White "Wengholm, Anders"]
[Black "Bengtsson, Siv"]
[Result "0-1"]
[WhiteElo "2222"]
[BlackElo "2000"]
[PlyCount "54"]
[EventDate "2022.10.29"]
[EventType "swiss"]
[EventRounds "9"]
[EventCountry "SWE"]
[SourceTitle "EXT 2024"]
[Source "ChessBase"]
[SourceDate "2023.10.10"]
[SourceVersion "1"]
[SourceVersionDate "2023.10.10"]
[SourceQuality "1"]

1. Nf3 Nf6 2. c4 e6 3. g3 c5 4. Bg2 Nc6 5. 0-0 d5 6. cxd5 Nxd5 7. d4 Be7 8. Nc3 0-0 9. e4 Nxc3 10. bxc3 Qa5 11. d5 exd5 12. exd5 Rd8 13. Bd2 Nb8 14. c4 Qc7 15. Qc2 Bf6 16. Bf4 Qd7 17. Ng5 Bxg5 18. Bxg5 Re8 19. Rfe1 f6 20. Bf4 Na6 21. Be4 h6 22. Bh7+ Kh8 23. Qg6 Rf8 24. Bxh6 gxh6 25. Qxh6 Qg7 26. Qd2 Qxh7 27. d6 Bd7 0-1

[Event "SWE-chT 2122 Elite"]
[Site "Sweden"]
[Date "2022.03.18"]
[Round "3.4"]
[White "Seo, Jung Min"]
[Black "Wengholm, Anders"]
[Result "1/2-1/2"]
[WhiteElo "2459"]
[BlackElo "2216"]
[PlyCount "260"]
[EventDate "2021.12.03"]
[EventType "team-tourn"]
[EventRounds "9"]
[EventCountry "SWE"]
[SourceTitle "EXT 2023"]
[Source "ChessBase"]
[SourceDate "2022.10.05"]
[SourceVersion "1"]
[SourceVersionDate "2022.10.05"]
[SourceQuality "1"]
[WhiteTeam "Stockholm Rockaden"]
[BlackTeam "Pelaro Alingsas"]
[WhiteTeamCountry "SWE"]
[BlackTeamCountry "SWE"]

1. e4 c5 2. Nf3 e6 3. d4 cxd4 4. Nxd4 Nf6 5. Nc3 d6 6. g4 h6 7. Rg1 Nc6 8. h4 h5 9. gxh5 Rxh5 10. Bg5 Rh8 11. Qd2 Qb6 12. Nb3 a6 13. 0-0-0 Qc7 14. f4 Bd7 15. f5 0-0-0 16. Kb1 Kb8 17. Qf2 Bc8 18. Bh3 Re8 19. Nd4 Ne5 20. Rge1 Nh7 21. Bc1 Nf6 22. Qg3 Bd7 23. Bg5 Nh5 24. Qf2 Qb6 25. Bc1 Nf6 26. Ka1 Qc7 27. Bg5 Nh7 28. Qg3 Nf6 29. Bxf6 gxf6 30. Rf1 Rh6 31. Nce2 Nc6 32. fxe6 fxe6 33. c3 Ne5 34. Nf4 Qc8 35. Rf2 Re7 36. Rg2 Rhh7 37. h5 Bh6 38. Ng6 Re8 39. Nf3 Qc7 40. Nfxe5 dxe5 41. Rgg1 Bc6 42. Bg2 Rd8 43. Qf3 Rhd7 44. Rxd7 Qxd7 45. a3 Bg5 46. Bh3 Qd6 47. h6 Bxh6 48. Qxf6 Be3 49. Re1 Bd2 50. Rd1 Ba4 51. Rb1 Bxc3 52. Ka2 Bd4 53. Qxe6 Qc5 54. Bf1 Bc2 55. Re1 Bf2 56. Re2 Bd1 57. Nxe5 Bxe2 58. Bxe2 Qd6 59. Qf5 Re8 60. Nd7+ Kc7 61. Bg4 Bd4 62. Qf7 Re7 63. Qc4+ Kd8 64. Nf6 Re5 65. Qc8+ Ke7 66. Nd5+ Rxd5 67. Qxb7+ Kf6 68. exd5 Qb6 69. Qxb6+ Bxb6 70. b4 Ke5 71. Be6 a5 72. Kb3 axb4 73. Kxb4 Kd6 74. Kb5 Be3 75. Ka6 Kc7 76. Bf5 Bc5 77. a4 Be3 78. Kb5 Bf2 79. Kc4 Kd6 80. Be4 Be3 81. Kd3 Bf2 82. Ke2 Bd4 83. Bg2 Bb6 84. Kd3 Bf2 85. Ke4 Be1 86. Kd3 Bf2 87. a5 Be1 88. a6 Bf2 89. Ke4 Bg1 90. Kf5 Bd4 91. Kg6 Ke7 92. Bf3 Bf2 93. Kf5 Bd4 94. Kg6 Bf2 95. Kg7 Bd4+ 96. Kg8 Bf2 97. Kh7 Bd4 98. Kg6 Bf2 99. Be2 Kd6 100. Bc4 Ke7 101. Bb5 Kd6 102. Bc6 Ke7 103. Kf5 Bd4 104. Ke4 Bf2 105. Ke5 Bg3+ 106. Kd4 Bf2+ 107. Kc4 Kd6 108. Be8 Ba7 109. Bf7 Bf2 110. Kd3 Bb6 111. Ke4 Bf2 112. Bh5 Bb6 113. Bf3 Bf2 114. Kf5 Bd4 115. Bh1 Ke7 116. Ke4 Bf2 117. Kf3 Bd4 118. Kg2 Kd6 119. Kh2 Be5+ 120. Kh3 Bd4 121. Bg2 Ba7 122. Kg4 Bf2 123. Kg5 Bd4 124. Kh4 Bf2+ 125. Kh3 Bd4 126. Kh2 Be5+ 127. Kg1 Bd4+ 128. Kf1 Bc5 129. Ke1 Ba7 130. Bh1 Ke5 1/2-1/2

[Event "EU-Cup 36th"]
[Site "Struga"]
[Date "2021.09.24"]
[Round "7.5"]
[White "Tscharnuter, Noah"]
[Black "Wengholm, Anders"]
[Result "0-1"]
[WhiteElo "1897"]
[BlackElo "2198"]
[PlyCount "32"]
[EventDate "2021.09.18"]
[EventType "team-swiss"]
[EventRounds "7"]
[EventCountry "MKD"]
[SourceTitle "CBM 204 Extra"]
[Source "ChessBase"]
[SourceDate "2021.11.30"]
[SourceVersion "1"]
[SourceVersionDate "2021.11.30"]
[SourceQuality "1"]
[WhiteTeam "Raika Feffernitz"]
[BlackTeam "Pelaro Alingsas"]
[WhiteTeamCountry "AUT"]
[BlackTeamCountry "SWE"]

1. e4 d6 2. d4 Nf6 3. Nc3 g6 4. f4 Bg7 5. Nf3 0-0 6. e5 dxe5 7. fxe5 Nh5 8. Bc4 c5 9. d5 Bg4 10. 0-0 Bxe5 11. h3 Bd4+ 12. Kh1 Ng3+ 13. Kh2 Qd6 14. Nb5 Nxf1+ 15. Kh1 Qh2+ 16. Nxh2 Ng3# 0-1

[Event "EU-Cup 36th"]
[Site "Struga"]
[Date "2021.09.18"]
[Round "1.11"]
[White "Arngrimsson, Dagur"]
[Black "Wengholm, Anders"]
[Result "1-0"]
[WhiteElo "2383"]
[BlackElo "2198"]
[PlyCount "52"]
[EventDate "2021.09.18"]
[EventType "team-swiss"]
[EventRounds "7"]
[EventCountry "MKD"]
[SourceTitle "CBM 204 Extra"]
[Source "ChessBase"]
[SourceDate "2021.11.30"]
[SourceVersion "1"]
[SourceVersionDate "2021.11.30"]
[SourceQuality "1"]
[WhiteTeam "Selfoss Skakfelag"]
[BlackTeam "Pelaro Alingsas"]
[WhiteTeamCountry "ISL"]
[BlackTeamCountry "SWE"]

1. d4 d6 2. Nf3 g6 3. c4 Bg7 4. Nc3 Nf6 5. Bf4 0-0 6. h3 Nbd7 7. e3 a6 8. Bh2 c5 9. Be2 cxd4 10. exd4 Qa5 11. 0-0 e5 12. a3 exd4 13. Nxd4 Qc7 14. Nc2 Ne5 15. Ne3 Be6 16. Rc1 Rac8 17. b3 Rfd8 18. Kh1 Qa5 19. f4 Nc6 20. f5 gxf5 21. Ncd5 Bxd5 22. cxd5 Ne7 23. Rxc8 Rxc8 24. Bxd6 Nfxd5 25. Nxf5 Qc3 26. Bc4 Ne3 1-0

[Event "EU-Cup Online Gr-B"]
[Site "Tornelo INT"]
[Date "2021.03.28"]
[Round "8.4"]
[White "Wengholm, Anders"]
[Black "Ragger, Markus"]
[Result "0-1"]
[WhiteElo "2198"]
[BlackElo "2680"]
[PlyCount "68"]
[EventDate "2021.03.27"]
[EventType "team-tourn (rapid)"]
[EventRounds "9"]
[EventCountry "NET"]
[SourceTitle "CBM 201 Extra"]
[Source "ChessBase"]
[SourceDate "2021.05.31"]
[SourceVersion "1"]
[SourceVersionDate "2021.05.31"]
[SourceQuality "1"]
[WhiteTeam "Pelaro Alingsas"]
[BlackTeam "Novy Bor"]
[WhiteTeamCountry "SWE"]
[BlackTeamCountry "CZE"]

1. Nf3 c5 2. c4 Nf6 3. Nc3 d5 4. cxd5 Nxd5 5. d4 Nxc3 6. bxc3 g6 7. e3 Bg7 8. Bb5+ Bd7 9. Bd3 Qa5 10. Bd2 0-0 11. 0-0 Ba4 12. Qe2 Nd7 13. Rab1 Qc7 14. h4 Rac8 15. Rbc1 e5 16. d5 c4 17. Bb1 e4 18. Bxe4 Nf6 19. Bb1 Rfe8 20. Nd4 Qe5 21. Qf3 Qxd5 22. Qxd5 Nxd5 23. h5 Nf6 24. hxg6 hxg6 25. f3 Nd7 26. Be4 Rxe4 27. fxe4 Nc5 28. Be1 Nxe4 29. Rb1 b6 30. Rc1 Re8 31. Bh4 Bh6 32. Rfe1 Nc5 33. Re2 Bxe3+ 34. Kh1 Bxc1 0-1

[Event "SWE-chT 1920 Superettan"]
[Site "Sweden"]
[Date "2019.10.18"]
[Round "1"]
[White "Wengholm, Anders"]
[Black "Larsson, Johan"]
[Result "0-1"]
[WhiteElo "2218"]
[BlackElo "2184"]
[PlyCount "82"]
[EventDate "2019.10.18"]
[EventType "team-tourn"]
[EventRounds "9"]
[EventCountry "SWE"]
[SourceTitle "EXT 2023"]
[Source "ChessBase"]
[SourceDate "2022.10.05"]
[SourceVersion "1"]
[SourceVersionDate "2022.10.05"]
[SourceQuality "1"]
[WhiteTeam "Pelaro Alingsas"]
[BlackTeam "Umea Rockaden"]
[WhiteTeamCountry "SWE"]
[BlackTeamCountry "SWE"]

1. c4 e6 2. Nf3 d5 3. g3 c5 4. Bg2 Nc6 5. 0-0 Nf6 6. e3 dxc4 7. Qa4 Qa5 8. Qxc4 b5 9. Qe2 Bb7 10. b3 Be7 11. Bb2 0-0 12. d3 Rfd8 13. Rd1 Rd7 14. a3 Rad8 15. Nc3 Qb6 16. Qc2 h6 17. Rac1 a6 18. Ne2 Rc8 19. h3 Na5 20. Ne5 Rdd8 21. e4 Nd7 22. Ng4 f6 23. Nf4 Nf8 24. h4 Nc6 25. Qb1 Nd4 26. Nh5 Ng6 27. Re1 Ne5 28. Nxe5 fxe5 29. Rc3 g6 30. Qd1 gxh5 31. Qxh5 Bf8 32. Bc1 Qc7 33. b4 Qf7 34. Qg4+ Kh7 35. bxc5 Bxc5 36. Be3 Rg8 37. Qd1 Bb6 38. Rxc8 Rxc8 39. Qb1 Ba5 40. Rf1 Nf3+ 41. Kh1 Nd2 0-1

[Event "SWE-chB"]
[Site "Eskilstuna"]
[Date "2019.07.10"]
[Round "5"]
[White "Andersson, Tommy"]
[Black "Wengholm, Anders"]
[Result "1-0"]
[WhiteElo "2390"]
[BlackElo "2219"]
[PlyCount "101"]
[EventDate "2019.07.06"]
[EventType "tourn"]
[EventRounds "9"]
[EventCountry "SWE"]
[EventCategory "3"]
[SourceTitle "CBM 191 Extra"]
[Source "ChessBase"]
[SourceDate "2019.09.30"]
[SourceVersion "1"]
[SourceVersionDate "2019.09.30"]
[SourceQuality "1"]

1. d4 Nf6 2. c4 g6 3. f3 Bg7 4. e4 d6 5. Nc3 0-0 6. Be3 c5 7. Nge2 Nc6 8. d5 Ne5 9. Ng3 e6 10. Be2 exd5 11. cxd5 a6 12. a4 h5 13. 0-0 Nh7 14. Qd2 Re8 15. Nh1 f5 16. Nf2 Bd7 17. Nh3 fxe4 18. Nxe4 Bxh3 19. gxh3 Qd7 20. Kg2 b5 21. b3 Nf7 22. Ra2 Rab8 23. axb5 axb5 24. Ra6 Ra8 25. Rb6 Reb8 26. Bxb5 Qd8 27. Rxb8 Qxb8 28. Bc4 Qe8 29. Bf4 Qd7 30. Re1 Re8 31. Bg3 Be5 32. f4 Bd4 33. Bd3 Kg7 34. Re2 Nh6 35. Ng5 Rxe2+ 36. Qxe2 Nxg5 37. fxg5 Nf5 38. Qe6 Ne3+ 39. Kf3 Qf7+ 40. Qxf7+ Kxf7 41. Bf2 Nd1 42. Bxd4 cxd4 43. b4 Nc3 44. b5 Na4 45. Ke4 Nc5+ 46. Kxd4 Nxd3 47. Kxd3 Ke7 48. b6 Kd7 49. Kc4 Kc8 50. Kb5 Kb7 51. h4 1-0

[Event "SWE-chT 1819 Superettan"]
[Site "Sweden"]
[Date "2019.02.02"]
[Round "5"]
[White "Wengholm, Anders"]
[Black "Lindberg, Bengt"]
[Result "1/2-1/2"]
[WhiteElo "2209"]
[BlackElo "2390"]
[PlyCount "192"]
[EventDate "2018.11.09"]
[EventType "team-tourn"]
[EventRounds "9"]
[EventCountry "SWE"]
[SourceTitle "EXT 2020"]
[Source "ChessBase"]
[SourceDate "2019.10.17"]
[SourceVersion "1"]
[SourceVersionDate "2019.10.17"]
[SourceQuality "1"]
[WhiteTeam "Alingsas"]
[BlackTeam "Vaxjo"]
[WhiteTeamCountry "SWE"]
[BlackTeamCountry "SWE"]

1. c4 Nf6 2. g3 e6 3. Bg2 d5 4. Nf3 Be7 5. 0-0 0-0 6. b3 c5 7. e3 Nc6 8. Bb2 d4 9. exd4 cxd4 10. Re1 Re8 11. d3 Bc5 12. Ba3 Bxa3 13. Nxa3 e5 14. Nc2 a5 15. a3 Bf5 16. Nh4 Bg4 17. Qd2 Qc7 18. b4 Rad8 19. Rab1 b6 20. c5 axb4 21. cxb6 Qxb6 22. Nxb4 Nxb4 23. Qxb4 Qa6 24. Nf3 Nd5 25. Qb7 Qxa3 26. Nxe5 Be6 27. Nc4 Qf8 28. Qa7 Nc3 29. Rbc1 Bxc4 30. dxc4 Ne2+ 31. Rxe2 Rxe2 32. Bd5 d3 33. Rd1 d2 34. Kg2 Qb4 35. Qd4 Rde8 36. Bf3 Re1 37. Qxd2 Qxd2 38. Rxd2 Rc1 39. Bd5 g6 40. Rb2 Re7 41. h4 h5 42. Ra2 Kg7 43. Rb2 Kf6 44. Ra2 Kf5 45. Ra5 Re5 46. Ra3 Kf6 47. Rf3+ Rf5 48. Rxf5+ gxf5 49. Kf3 Rc3+ 50. Kf4 Rd3 51. Bf3 Rd4+ 52. Ke3 Rxc4 53. Bxh5 f4+ 54. Kf3 fxg3 55. fxg3 Ke6 56. Kf2 f6 57. Be2 Rc2 58. Kf3 Ke5 59. Ba6 Rc3+ 60. Kf2 f5 61. Bf1 f4 62. gxf4+ Kxf4 63. Be2 Rh3 64. Ba6 Rh2+ 65. Ke1 Ke3 66. Kd1 Kd4 67. Bc8 Kc3 68. Bf5 Rxh4 69. Ke2 Rf4 70. Bc8 Re4+ 71. Kf3 Kd4 72. Bf5 Re8 73. Kg4 Ke5 74. Bd3 Rg8+ 75. Kf3 Rg7 76. Bc2 Rc7 77. Bg6 Rc4 78. Be8 Rb4 79. Bc6 Rf4+ 80. Ke3 Rc4 81. Bd7 Rc3+ 82. Kd2 Kd4 83. Be6 Rc6 84. Bd7 Rc7 85. Be6 Re7 86. Bg4 Rg7 87. Bf3 Rh7 88. Kc2 Rh2+ 89. Kb1 Kc3 90. Be4 Rh4 91. Bf5 Rb4+ 92. Ka1 Rb2 93. Bb1 Rf2 94. Be4 Kb3 95. Bb1 Ka3 96. Be4 Rf1+ 1/2-1/2

[Event "SWE-chT 1819 Superettan"]
[Site "Sweden"]
[Date "2019.01.11"]
[Round "6"]
[White "Storme, Isak"]
[Black "Wengholm, Anders"]
[Result "1-0"]
[WhiteElo "2271"]
[BlackElo "2209"]
[PlyCount "79"]
[EventDate "2018.11.09"]
[EventType "team-tourn"]
[EventRounds "9"]
[EventCountry "SWE"]
[SourceTitle "EXT 2020"]
[Source "ChessBase"]
[SourceDate "2019.10.17"]
[SourceVersion "1"]
[SourceVersionDate "2019.10.17"]
[SourceQuality "1"]
[WhiteTeam "Manhem"]
[BlackTeam "Alingsas"]
[WhiteTeamCountry "SWE"]
[BlackTeamCountry "SWE"]

1. d4 Nf6 2. Nf3 g6 3. Nbd2 Bg7 4. e4 d6 5. Bd3 0-0 6. 0-0 Nc6 7. c3 e5 8. Re1 Nd7 9. Bb5 exd4 10. Bxc6 bxc6 11. cxd4 c5 12. d5 Re8 13. Nc4 Nf6 14. Qd3 Ba6 15. Bg5 h6 16. Bh4 g5 17. Bg3 Bxc4 18. Qxc4 Rb8 19. e5 Rb4 20. Qa6 Rb6 21. Qxa7 Nxd5 22. exd6 Rxe1+ 23. Rxe1 cxd6 24. h4 Bf6 25. hxg5 hxg5 26. Qa4 Nc7 27. Nd2 d5 28. Bxc7 Qxc7 29. Re8+ Kg7 30. Qa8 Rxb2 31. Rh8 Kg6 32. Qg8+ Kf5 33. Qh7+ Ke6 34. Re8+ Be7 35. Qh3+ Kd6 36. Qg3+ Kc6 37. Qxc7+ Kxc7 38. Rxe7+ Kd6 39. Re2 Rxa2 40. Ne4+ 1-0

[Event "Gothenburg Kvibergspelen"]
[Site "Gothenburg"]
[Date "2018.04.21"]
[Round "5"]
[White "Wengholm, Anders"]
[Black "Petersson, Baldur Teodor"]
[Result "1-0"]
[WhiteElo "2158"]
[BlackElo "2003"]
[PlyCount "123"]
[EventDate "2018.04.20"]
[EventType "swiss"]
[EventRounds "8"]
[EventCountry "SWE"]
[SourceTitle "CBM 184 Extra"]
[Source "ChessBase"]
[SourceDate "2018.06.28"]
[SourceVersion "1"]
[SourceVersionDate "2018.06.28"]
[SourceQuality "1"]

1. Nf3 Nf6 2. c4 g6 3. Nc3 Bg7 4. e4 d6 5. d4 0-0 6. Be2 e5 7. 0-0 Nbd7 8. Be3 c6 9. Qc2 Qc7 10. d5 c5 11. Ne1 a6 12. a3 Rb8 13. Rb1 Ne8 14. f3 f5 15. b4 f4 16. Bf2 b6 17. Nd3 Rb7 18. Rfc1 Ndf6 19. bxc5 bxc5 20. Be1 Rf7 21. Bd1 Qb8 22. Qa4 Rxb1 23. Rxb1 Rb7 24. Rxb7 Qxb7 25. Qa5 Kf7 26. Bc2 Bf8 27. Na4 Be7 28. Naxc5 dxc5 29. Nxe5+ Kf8 30. Nd3 Nd7 31. e5 Qb6 32. Qd2 g5 33. Bf2 Ng7 34. h4 h6 35. e6 Nxe6 36. dxe6 Qxe6 37. Ba4 Qf5 38. Bxd7 Bxd7 39. Qc3 Kg8 40. hxg5 hxg5 41. Qb3 Be6 42. Qb8+ Kg7 43. Qc7 Kf6 44. Bxc5 Bxc5+ 45. Nxc5 Qb1+ 46. Kh2 Qe1 47. Qd8+ Kf7 48. Qxg5 Qc1 49. Qh5+ Ke7 50. Qe5 Qxc4 51. Qxe6+ Qxe6 52. Nxe6 Kxe6 53. g4 fxg3+ 54. Kxg3 Kf5 55. a4 Kg5 56. a5 Kf5 57. f4 Kf6 58. Kg4 Kg6 59. f5+ Kf6 60. Kf4 Kf7 61. Ke5 Ke7 62. Kd5 1-0